<?xml version="1.0" encoding="UTF-8"?>
<record
    xmlns:xsi="http://www.w3.org/2001/XMLSchema-instance"
    xsi:schemaLocation="http://www.loc.gov/MARC21/slim http://www.loc.gov/standards/marcxml/schema/MARC21slim.xsd"
    xmlns="http://www.loc.gov/MARC21/slim">

  <leader>00605nam a22001457a 4500</leader>
  <controlfield tag="003">OSt</controlfield>
  <controlfield tag="005">20160323101145.0</controlfield>
  <controlfield tag="008">160323b        xxu||||| |||| 00| 0 eng d</controlfield>
  <datafield tag="040" ind1=" " ind2=" ">
    <subfield code="c">RUA</subfield>
  </datafield>
  <datafield tag="082" ind1=" " ind2=" ">
    <subfield code="a">AGR SOU 2007 B470 Or.1</subfield>
  </datafield>
  <datafield tag="100" ind1=" " ind2=" ">
    <subfield code="9">8136</subfield>
    <subfield code="a">SOURNG SOPHEAKTRA; &#x179F;&#x17BD;&#x1784; &#x179F;&#x17BB;&#x1797;&#x17D0;&#x1780;&#x17D2;&#x179A;&#x17D2;&#x178F;&#x17B6;</subfield>
  </datafield>
  <datafield tag="245" ind1=" " ind2=" ">
    <subfield code="a">The dragon fruit production in banteay srey district, siem reap province, &#x1795;&#x179B;&#x17B7;&#x178F;&#x1780;&#x1798;&#x17D2;&#x1798;&#x178A;&#x17C6;&#x178E;&#x17B6;&#x17C6;&#x179F;&#x17D2;&#x179A;&#x1780;&#x17B6;&#x1793;&#x17B6;&#x1782; &#x1780;&#x17D2;&#x1793;&#x17BB;&#x1784;&#x179F;&#x17D2;&#x179A;&#x17BB;&#x1780;&#x1794;&#x1793;&#x17D2;&#x1791;&#x17B6;&#x1799;&#x179F;&#x17D2;&#x179A;&#x17B8; &#x1781;&#x17C1;&#x178F;&#x17D2;&#x178F;&#x179F;&#x17C0;&#x1798;&#x179A;&#x17B6;&#x1794;</subfield>
  </datafield>
  <datafield tag="300" ind1=" " ind2=" ">
    <subfield code="a">xiii,37p.</subfield>
    <subfield code="b">ill.</subfield>
    <subfield code="c">29cm.</subfield>
  </datafield>
  <datafield tag="942" ind1=" " ind2=" ">
    <subfield code="2">ddc</subfield>
    <subfield code="c">AGR</subfield>
  </datafield>
  <datafield tag="999" ind1=" " ind2=" ">
    <subfield code="c">7747</subfield>
    <subfield code="d">7747</subfield>
  </datafield>
  <datafield tag="952" ind1=" " ind2=" ">
    <subfield code="0">0</subfield>
    <subfield code="1">0</subfield>
    <subfield code="2">ddc</subfield>
    <subfield code="4">0</subfield>
    <subfield code="6">AGR_SOU_2007_000000000000000_B470_OR_1</subfield>
    <subfield code="7">0</subfield>
    <subfield code="9">45374</subfield>
    <subfield code="a">LBB</subfield>
    <subfield code="b">LBB</subfield>
    <subfield code="c">B470</subfield>
    <subfield code="d">2016-03-23</subfield>
    <subfield code="l">2</subfield>
    <subfield code="o">AGR SOU 2007 B470 Or.1</subfield>
    <subfield code="p">RUA042464</subfield>
    <subfield code="r">2016-10-24</subfield>
    <subfield code="s">2016-10-04</subfield>
    <subfield code="w">2016-03-23</subfield>
    <subfield code="y">AGR</subfield>
  </datafield>
</record>
